Journal of Public Health Policy (Record no. 37349)

MARC details
000 -LEADER
fixed length control field 00401nam a2200145Ia 4500
022 ## - INTERNATIONAL STANDARD SERIAL NUMBER
ISSN 0197‑5897
050 ## - CALL MARK
Classification number RA421. J68
245 ## - TITLE STATEMENT
Title Journal of Public Health Policy
250 ## - EDITION / VOLUME STATEMENT
Edition / Volume statement Vol. 45
260 ## - PUBLICATION, DISTRIBUTION, ETC. (IMPRINT)
Place of publication United Kingdom
Name of publisher Palgrave Macmillan Ltd.
Year of publication 2024
300 ## - PHYSICAL DESCRIPTION
Number of Pages ill. ; 28 cm.
650 ## - SUBJECT ADDED ENTRY--TOPICAL TERM
Topical Term Public Health--Periodicals, Medical Policy--Periodicals
942 ## - ADDED ENTRY ELEMENTS (KOHA)
Koha item type Serials
Source of classification Library of Congress Classification

No items available.